000 00691nam a2200265Ia 4500
005 20260121161418.0
008 008 260114s9999 xx 000 0 eng d
020 _a9781003400059
037 _aEBOOK
040 _aCRL
040 _beng
040 _cCRL
041 _2eng
041 _aeng
084 _qCRL
100 _aBiopolymers in Sustainable Corrosion Inhibition
_91044364
245 0 _aSaman Zehra; Mohammad Mobin; Chandrabhan Verma
260 _bTaylor and Francis
260 _c2024
650 _aChemical Engineering
_91044365
856 _uhttp://www.taylorfrancis.com/books/9781003400059
942 _cEBOOK
999 _c1610589
_d1610589